Central Library OPAC University of Rajshahi

Asamiya sahityar chaneki : (Record no. 49446)

MARC details
000 -LEADER
fixed length control field 00906nam a2200241 a 4500
001 - CONTROL NUMBER
control field 49446
003 - CONTROL NUMBER IDENTIFIER
rucl marc code BD-RjUL
005 - DATE AND TIME OF LATEST TRANSACTION
control field 20250423144515.0
008 - FIXED-LENGTH DATA ELEMENTS--GENERAL INFORMATION
fixed length control field 160821s1929 ii | |||| ||eng|d
035 ## - SYSTEM CONTROL NUMBER
System control number (BD-RjUL)49565
038 ## - RECORD CONTENT LICENSOR
Record content licensor CStRLIN
040 ## - CATALOGING SOURCE
Original cataloging agency BD-RjUL
Transcribing agency NN
Language of cataloging eng
Modifying agency BD-RjUL
041 ## - LANGUAGE CODE
Language code of text/sound track or separate title eng
082 ## - DEWEY DECIMAL CLASSIFICATION NUMBER
Edition number 23
Classification number 891.491
Author mark and year ASA 1929
245 00 - TITLE STATEMENT
Title Asamiya sahityar chaneki :
Remainder of title or typical selections from Assamese literature /
Statement of responsibility, etc. edited by Hemchandra Goswami.
246 ## - VARYING FORM OF TITLE
Title proper/short title অসমীয়া সাহিত্যৰ চানেকি
260 ## - PUBLICATION, DISTRIBUTION, ETC. (IMPRINT)
Place of publication, distribution, etc. Calcutta :
Name of publisher, distributor, etc. University of Calcutta,
Date of publication, distribution, etc. 1929,1924
300 ## - PHYSICAL DESCRIPTION
Pagination V ;
Size 25 cm.
505 0# - FORMATTED CONTENTS NOTE
Formatted contents note Vol.1. First three periods-- V. 2, Pt.1 .Vaisnava period --V. 2, Pt.4 . Period of expansion --V 3, Pt.1. Modern period --V.3 Vaisnava period Pt.2--
650 #0 - SUBJECT ADDED ENTRY--TOPICAL TERM
Topical term or geographic name as entry element Assamese literature.
9 (RLIN) 148405
700 1# - ADDED ENTRY--PERSONAL NAME
Personal name Goswāmī, Hemacandra,
942 ## - ADDED ENTRY ELEMENTS (KOHA)
Source of classification or shelving scheme Dewey Decimal Classification
Koha item type Books
Holdings
Lost status Source of classification or shelving scheme Damaged status Not for loan Collection code Permanent Location Current Location Shelving location Date acquired Source of acquisition Cost, normal purchase price Total Checkouts Full call number Date last seen Copy number Koha item type
  Dewey Decimal Classification     Non-fiction Central Library, University of Rajshahi Central Library, University of Rajshahi   24/11/1962 Kamla book 10.00   B 891.491 ASA V-1 1929 21/08/2016 C-2 Books
  Dewey Decimal Classification     Non-fiction Central Library, University of Rajshahi Central Library, University of Rajshahi   24/11/1962 Kamala Book 6.25   B 891.491 ASA V-2 Pt-3 1924 04/09/2016 C-2 Books
  Dewey Decimal Classification     Non-fiction Central Library, University of Rajshahi Central Library, University of Rajshahi   24/11/1962 Kamala Book 6.25   B 891.491 ASA V-3 Pt-1 1923 04/09/2016 C-2 Books
  Dewey Decimal Classification     Non-fiction Central Library, University of Rajshahi Central Library, University of Rajshahi   07/11/1962 Kamala book 7.50   B 891.491 ASA V-2 Pt-1 1924 01/10/2016 C-3 Books
  Dewey Decimal Classification     Non-fiction Central Library, University of Rajshahi Central Library, University of Rajshahi   24/11/1962 Kamala book 6.25   B 891.491 ASA V-2 Pt-4 1924 24/11/2016 C-3 Books
  Dewey Decimal Classification   Not For Loan Non-fiction Central Library, University of Rajshahi Central Library, University of Rajshahi Reading Room 24/11/1962 Komala Book 7.50   B 891.491 ASA V-3,Pt-2 1924 23/04/2025 C-1 Books